000 00726nam a22002297a 4500
005 20150224120054.0
008 140714b xxu||||| |||| 00| 0 Urdu d
010 _aUR-8671
020 q _c250.00
020 _c9789350733448
035 _aU-7226
037 _bDBAD/Pub.
040 _aDPL
_bUrdu
082 _a840
100 _aحا فظ محمد جيلا نی
245 _a‎گلستا ن ا د ب
_cحا فظ محمد جيلا نی
246 _aGulistan-e- Adab
_bByHafiz Hohd. Jeelani
260 _aد ھلی
_bEducational Publishing House
_c2014
270 _a3108,Vakeel Street,Kucha Pandit,Lal Kuan
_b.Delhi
_e110006
300 _a224ص
_c22Cm (Hb)
942 _2ddc
_cUR
_e
_h840
_mم ح م
999 _c91783
_d91783